00421nam a2200169 a 450000100060000000300090000600800410001502000150005604000280007108200150009910000240011424500220013826000580016030000100021865000130022865000100024111557CO-ViMGA141112s2004 ck r 000 u spa d a9582403101 aCO-ViMGAbspacCO-ViMGA04a133.4 O17s1 aObregón, Mauricio10aSiete Hechicerias aSantafé de Bogotá, ceditorial Santillana, c1996 a95 p.14aBRUJERIA14aMAGIA